Traduction du français au corse : Les connecteurs logiques - Statistiques

Statistiques générales
  • Ce quiz a été pris 39 fois
  • Le résultat moyen est 5 sur 10
Statistiques - réponses
Hint Réponse % Correct
Pour Per / Pè / Pà
100%
Depuis Dapoi / Dipoi
69%
Parce que Perchè / Parchì
59%
Donc Dunque
55%
Vers Versu
52%
Sinon Sinnò / Osinnò
31%
Plusieurs Parechji
28%
Jusqu'à Sin'à
24%
Bien que Benchì / Benchè
21%
Aussi Dinù / Dinò
17%
Aucun quiz correspondant
Distribution des résultats
% des personnes avec chaque résultat
Percentile par nombre de réponses
Votre historique - résultats
Vous n’avez pas pris ce quiz